La educación Latinoamericana en el horizonte del siglo XXI y el papel de la OEA /
Shranjeno v:
| Glavni avtor: | |
|---|---|
| Format: | Texto |
| Teme: | |
| Oznake: |
Označite
Brez oznak, prvi označite!
|
MARC
| LEADER | 00000 a a2200000 04500 | ||
|---|---|---|---|
| 001 | 9424 | ||
| 003 | |||
| 040 | |||
| 100 | |a Tünnermann Bernheim, Caros | ||
| 245 | |a La educación Latinoamericana en el horizonte del siglo XXI y el papel de la OEA / |c Caros Tünnermann Bernheim | ||
| 650 | |a EDUCACION | ||
| 650 | |a COOPERACION INTERNACIONAL | ||
| 650 | |a AMERICA LATINA | ||
| 773 | |g número 471 -472; páginas 84-113 | ||
| 999 | |c 28590 |d 28590 | ||
